000 00667nam a2200241Ia 4500
003 OSt
005 20221007065639.0
006 a|||||r|||| 00| 0
007 ta
008 221006b |||||||| |||| 00| 0 eng d
024 _a30,017
037 _cTextual
040 _aFLL
_cFLL
_beng
041 _2eng
_aeng
082 _aD854:Z2, P3
100 _aJaswal Paramjit S.
_9686446
245 0 _aEnvironmental law
260 _aFaridabad
_bAllahabad Law Agency India
_c2003
300 _axliii,564p
_ccm.
700 _a Jaswal Nishtha
_9687062
942 _hD854:Z2, P3
_cTEXL
_2CC
999 _c1137916
_d1137916